000 00388nam a22001577a 4500
003 MPLRDC
005 20220104144309.0
008 210129b ||||| |||| 00| 0 eng d
082 _a859.6 LSL
100 _a林树嶙主编, 魏裕宽绘图
245 _a短篇有趣的故事
_c
260 _a
_b名远出版社
_c
300 _b
650 _a儿童故事
942 _cBK
_o859.6 LSL
999 _c48240
_d48230